| 000 | 02433cam a22005654i 4500 | ||
|---|---|---|---|
| 003 | PE-LiUPU | ||
| 005 | 20250731172916.0 | ||
| 008 | 150617s1985 flu rb 000 0 spa d | ||
| 020 | _a0881131148 | ||
| 020 | _a9780881131147 | ||
| 035 | _a(Sirsi) i9780881131147 | ||
| 040 |
_aPE-LiUPU _bspa _cPE-LiUPU _erda |
||
| 049 | _aPRUA | ||
| 050 | 4 |
_aBV652 _b.L85 1981 |
|
| 082 | 0 | 4 |
_a254.01 _bL96 _221 |
| 100 | 1 |
_aLuna A., Guillermo, _eautor. |
|
| 245 | 1 | 0 |
_aHacia una administración eficaz / _cGuillermo Luna A. |
| 250 | _a6a. edición. | ||
| 264 | 1 |
_aMiami : _bEditorial Betania, _c1985. |
|
| 300 |
_a134 páginas ; _c20 centímetros |
||
| 336 |
_atext _2rdacontent |
||
| 337 |
_aunmediated _2rdamedia |
||
| 338 |
_avolume _2rdacarrier |
||
| 504 | _aIncluye bibliografía. | ||
| 505 | 0 | _a¿Qué es la administración? -- Por qué los cristianos deben ser buenos adminstradores -- Beneficios de la administración profesional -- Conozca el proceso administrativo -- Planificando -- organizando -- Dirigiendo -- Supervición (control administrativo) -- Administrándose usted mismo. | |
| 526 | _aSEG42 | ||
| 526 | _aSEG41 | ||
| 526 | _aSEG40 | ||
| 526 | _aSEG39 | ||
| 526 | _aP94 | ||
| 526 | _aP87 | ||
| 526 | _aP86 | ||
| 526 | _aP85 | ||
| 526 | _aP77 | ||
| 526 | _aP76 | ||
| 526 | _aP35 | ||
| 650 | 0 | 4 |
_aIglesia _xOrganización y administración. |
| 910 |
_adbm _bncf _cncf _d20180904 |
||
| 942 |
_2ddc _cBOOK |
||
| 949 |
_a254.01 L96 _wDEWEY _c1 _i35023 _f2017-2-14 _g1 _lCCODEBUL1 _mBUL _r0 _sY _tBOOK _u2015-4-22 _xTEOLOGIA _PP35 _0COMPRA _o.STAFF. Colección General |
||
| 949 |
_a254.01 L96 _wDEWEY _c2 _i29166 _f2017-2-14 _g1 _lCCODEBUL1 _mBUL _r0 _sY _tBOOK _u2015-4-22 _xTEOLOGIA _PP35 _0COMPRA _o.STAFF. Colección General |
||
| 994 |
_aC0 _bPEPRU |
||
| 596 | _a1 | ||
| 999 |
_a254.01 L96 _wDEWEY _c18648 _i35023 _f2021-11-12 _g5 _lCCODEBUL1 _mBUL _r0 _sY _tBOOK _u2015-4-22 _xTEOLOGIA _PP35 _0COMPRA _o.STAFF. Colección General _d18648 |
||
| 999 |
_a254.01 L96 _wDEWEY _c2 _i29166 _f2021-11-12 _g5 _lCCODEBUL1 _mBUL _r0 _sY _tBOOK _u2015-4-22 _xTEOLOGIA _PP35 _0COMPRA _o.STAFF. Colección General |
||
| 999 |
_a254.01 L96 _wDEWEY _c3 _i79312 _d2022-6-14 _e2019-1-23 _f2021-11-12 _g4 _lCCODEBUL1 _mBUL _n1 _p10.00 _q2 _r0 _sY _tBOOK _u2018-9-4 _xTEOLOGIA _PP35 _0DONACION _o.STAFF. Colección Teología |
||
| 980 |
_81 _gALBERTO SANCHEZ Responsable de Automatización |
||